1346 1896 1363 1378 1071 1534 1210 1567 1846 1039 1274 1435 1528 1943 1994 1218 1389 1980 1105 1086 1550 1329 1290 1346 1756 1392 1816 1146 1189 1122 1910 1523 1453 1049 1861 1735 1756 1171 1962 1181 1902 1748 1400 1060 1983 1773 1523 1191 1798 1535 1376 1068 1334 1178 1756 1012 1934 1375 1654 1924 1618 1529 1991 1116 1961 1445 1921 1470 1753 1550 1009 1165 1322 1276 1976 1612 1896 1734 1861 1674 1501 1159 1632 1677 1278 1893 1789 1230 1599 1086 1708 1168 1839 1489 1754 1522 1281 1677 1311 BCNSPRNW ULIB Ver.6.0+V

เปลี่ยนเป็นภาษาไทย

Change to English
 แสดงรายละเอียดบรรณานุกรม
  กลับหน้าหลัก

Brief Record : Get Marc (ISO 2709) : E-mail record : QR code < ปิดหน้าต่าง
LEADER : 00000nam 2200000uu 4500
001    13399115195
003     ULIB
008    000529s2544 th 000 0 tha d
020    ^a9789742227210
050  4 ^aBQ^bว357จ 2544
100 0  ^aวศิน อินทสระ
245 10 ^aจริยศาสตร์ /^cวศิน อินทสระ
250    ^aพิมพ์ครั้งที่ 2
260    ^aกรุงเทพฯ :^bบรรณกิจ,^c2544
300    ^a503 หน้า ;^c18 ซม.
500    ^aSend to Single Search
650  4 ^aจริยศาสตร์
945    ^p200^l0^i11877
995    ^aกัณชพร
999 ^a ใช้งานได้ทุกระบบ
รายการนี้ยังไม่มีแท็ก
คุณยังไม่ได้ล็อกอิน คุณสามารถมีกิจกรรมร่วมกับเว็บไซต์ได้ แต่ต้องล็อกอินก่อน ::
  ล็อกอิน

รายการสื่อสารสนเทศ

ลำดับที่ ประเภท เลขเรียก/บาร์โค้ด สถานที่ สถานะ
- ไม่พบข้อมูล -

รายการใกล้เคียง
    ผู้แต่ง [วศิน อินทสระ]

    หัวเรื่อง [จริยศาสตร์]

BibComment


ยังไม่เคยถูกคอมเมนท์

คอมเมนท์ทรัพยากรรายการนี้
  คอมเมนท์: จริยศาสตร์ วศิน..


 Copyright 2026. Bcnsprnw @Library